|
|
|
|
| LEADER |
01358nam a2200253 a 4500 |
| 001 |
GR-MES11544 |
| 008 |
070216s gr b 000 0 gre d |
| 020 |
|
|
|a 9602103132
|
| 040 |
|
|
|a GrPaTEI
|b gre
|c GR-PaULI
|
| 040 |
|
|
|a GrPaTEI
|b gre
|c GR-PaULI
|
| 082 |
|
0 |
|a 331.870
|2 20
|
| 100 |
1 |
|
|a Μαυρογορδάτος, Γιώργος Θ.,
|d 1945-
|
| 245 |
1 |
0 |
|a Μεταξύ Πιτυοκάμπτη και Προκρούστη :
|b Οι επαγγελματικές οργανώσεις στη σημερινή Ελλάδα /
|c Γιώργος Θ. Μαυρογορδάτος.
|
| 260 |
|
|
|a Αθήνα :
|b Οδυσσέας,
|c 1988
|
| 300 |
|
|
|a 208σ.
|
| 504 |
|
|
|a Περιλαμβάνει βιβλιογραφία.
|
| 650 |
|
4 |
|a Επαγγελματικές ενώσεις
|
| 650 |
|
4 |
|a ΕΡΓΑΤΙΚΑ ΣΩΜΑΤΕΙΑ
|
| 650 |
|
4 |
|a Συνδικαλισμός
|z Ελλάς
|
| 942 |
|
|
|2 ddc
|
| 952 |
|
|
|0 0
|1 0
|2 ddc
|4 0
|6 331_870000000000000_ΜΑΥ
|7 0
|9 270480
|a MSLG
|b MSLG
|c BSC
|d 2021-01-17
|e 24
|f 0
|g 0.00
|l 0
|o 331.870 ΜΑΥ
|p 2420000021275
|r 2021-01-17 00:00:00
|t 1
|w 2021-01-17
|y BK15
|x 20070216 0 1
|x GrPaTEI
|
| 952 |
|
|
|0 0
|1 0
|2 ddc
|4 0
|6 331_870000000000000_ΜΑΥ
|7 0
|9 270481
|a MSLG
|b MSLG
|c BSC
|d 2021-01-17
|e 24
|f 0
|g 0.00
|l 0
|o 331.870 ΜΑΥ
|p 2420000021276
|r 2021-01-17 00:00:00
|t 1
|w 2021-01-17
|y BK15
|x 20070216 0 1
|x GrPaTEI
|
| 971 |
|
|
|a .b25775911
|b 16-04-20
|c 13-09-16
|
| 999 |
|
|
|c 156224
|d 156224
|